000
00275nam a2200109Ia 4500
008
200302s9999 xx 000 0 und d
100
_a
Anna Yudina
245
_a
Furnitecture Furniture That Transforms Space
260
_b
Thams and Hudson Ltd.,
260
_c
2015
300
_a
271
999
_c
3702
_d
3702